<?xml version="1.0" encoding="UTF-8"?>
<record
    xmlns:xsi="http://www.w3.org/2001/XMLSchema-instance"
    xsi:schemaLocation="http://www.loc.gov/MARC21/slim http://www.loc.gov/standards/marcxml/schema/MARC21slim.xsd"
    xmlns="http://www.loc.gov/MARC21/slim">

  <leader>00810nam a22002297a 4500</leader>
  <datafield tag="999" ind1=" " ind2=" ">
    <subfield code="c">70214</subfield>
    <subfield code="d">70214</subfield>
  </datafield>
  <controlfield tag="003">NUST - PNEC</controlfield>
  <controlfield tag="005">20180709054450.0</controlfield>
  <controlfield tag="008">151007b        xxu||||| |||| 00| 0 eng d</controlfield>
  <datafield tag="020" ind1=" " ind2=" ">
    <subfield code="a">9693517334</subfield>
    <subfield code="c">Rs. 210</subfield>
  </datafield>
  <datafield tag="020" ind1=" " ind2=" ">
    <subfield code="a">9789693517330</subfield>
  </datafield>
  <datafield tag="038" ind1=" " ind2=" ">
    <subfield code="a">Arshad</subfield>
  </datafield>
  <datafield tag="040" ind1=" " ind2=" ">
    <subfield code="c">LIBRARY</subfield>
  </datafield>
  <datafield tag="082" ind1=" " ind2=" ">
    <subfield code="a">910.4 </subfield>
    <subfield code="b">MUS</subfield>
  </datafield>
  <datafield tag="100" ind1=" " ind2=" ">
    <subfield code="9">14275</subfield>
    <subfield code="a">Mustansar Hussain Tarar</subfield>
  </datafield>
  <datafield tag="245" ind1=" " ind2=" ">
    <subfield code="a">Ratti Gali</subfield>
    <subfield code="c">Mustansar Hussain Tarar</subfield>
  </datafield>
  <datafield tag="260" ind1=" " ind2=" ">
    <subfield code="a">Lahore:</subfield>
    <subfield code="b">Sang-e-Meel Publications,</subfield>
    <subfield code="c">2011</subfield>
  </datafield>
  <datafield tag="650" ind1=" " ind2=" ">
    <subfield code="9">14276</subfield>
    <subfield code="a">Urdu Literature, Travelogue</subfield>
    <subfield code="x">General</subfield>
  </datafield>
  <datafield tag="880" ind1=" " ind2=" ">
    <subfield code="6">100-01\(3\r</subfield>
    <subfield code="a">&#x645;&#x633;&#x62A;&#x646;&#x635;&#x631; &#x62D;&#x633;&#x6CC;&#x646; &#x62A;&#x627;&#x631;&#x691;</subfield>
  </datafield>
  <datafield tag="880" ind1=" " ind2=" ">
    <subfield code="6">245-02\(3\r</subfield>
    <subfield code="a">&#x631;&#x62A;&#x6CC; &#x6AF;&#x644;&#x6CC;:</subfield>
    <subfield code="b">&#x648;&#x627;&#x62F;&#x6CC; &#x6A9;&#x627;&#x63A;&#x627;&#x646; &#x627;&#x648;&#x631; &#x622;&#x632;&#x627;&#x62F; &#x6A9;&#x634;&#x645;&#x6CC;&#x631;</subfield>
    <subfield code="c">&#x645;&#x633;&#x62A;&#x646;&#x635;&#x631; &#x62D;&#x633;&#x6CC;&#x646; &#x62A;&#x627;&#x631;&#x691;</subfield>
  </datafield>
  <datafield tag="880" ind1=" " ind2=" ">
    <subfield code="6">260-03\(3\r</subfield>
    <subfield code="a">&#x644;&#x627;&#x6C1;&#x648;&#x631;:</subfield>
    <subfield code="b">&#x633;&#x646;&#x6AF; &#x645;&#x6CC;&#x644; &#x67E;&#x628;&#x644;&#x6CC; &#x6A9;&#x6CC;&#x634;&#x646;&#x632;&#x60C;</subfield>
    <subfield code="c">2007</subfield>
  </datafield>
  <datafield tag="942" ind1=" " ind2=" ">
    <subfield code="2">ddc</subfield>
    <subfield code="c">BK</subfield>
  </datafield>
  <datafield tag="952" ind1=" " ind2=" ">
    <subfield code="0">0</subfield>
    <subfield code="1">0</subfield>
    <subfield code="2">ddc</subfield>
    <subfield code="4">0</subfield>
    <subfield code="7">0</subfield>
    <subfield code="8">NFIC</subfield>
    <subfield code="a">PNEC</subfield>
    <subfield code="b">PNEC</subfield>
    <subfield code="c">CART</subfield>
    <subfield code="d">2017-01-17</subfield>
    <subfield code="l">1</subfield>
    <subfield code="o">910.4 TAR</subfield>
    <subfield code="p">PNECLIB-031278</subfield>
    <subfield code="r">2016-11-01</subfield>
    <subfield code="s">2016-10-17</subfield>
    <subfield code="y">BK</subfield>
  </datafield>
  <datafield tag="952" ind1=" " ind2=" ">
    <subfield code="0">0</subfield>
    <subfield code="1">0</subfield>
    <subfield code="2">ddc</subfield>
    <subfield code="4">0</subfield>
    <subfield code="7">0</subfield>
    <subfield code="8">NFIC</subfield>
    <subfield code="a">CL</subfield>
    <subfield code="b">CL</subfield>
    <subfield code="c">CART</subfield>
    <subfield code="d">2017-01-17</subfield>
    <subfield code="l">3</subfield>
    <subfield code="o">910.4 TAR</subfield>
    <subfield code="p">CL1835</subfield>
    <subfield code="r">2026-03-11</subfield>
    <subfield code="s">2026-01-06</subfield>
    <subfield code="t">1</subfield>
    <subfield code="w">2017-01-17</subfield>
    <subfield code="y">BK</subfield>
  </datafield>
</record>
